<?xml version="1.0" encoding="UTF-8"?>
<record
    xmlns:xsi="http://www.w3.org/2001/XMLSchema-instance"
    xsi:schemaLocation="http://www.loc.gov/MARC21/slim http://www.loc.gov/standards/marcxml/schema/MARC21slim.xsd"
    xmlns="http://www.loc.gov/MARC21/slim">

  <leader>01154nam a22002291a 4500</leader>
  <controlfield tag="001">12123</controlfield>
  <controlfield tag="003">OSt</controlfield>
  <controlfield tag="005">20260204212312.0</controlfield>
  <controlfield tag="008">150304s2014||||dr ||||||b||||||||||spa||</controlfield>
  <datafield tag="090" ind1=" " ind2=" ">
    <subfield code="a">EDU-MF 2014 E91</subfield>
  </datafield>
  <datafield tag="100" ind1=" " ind2=" ">
    <subfield code="a">Evangelista Cleto, Greisy Cristina</subfield>
    <subfield code="e">sustentante</subfield>
  </datafield>
  <datafield tag="245" ind1="1" ind2=" ">
    <subfield code="a">Evaluaci&#xF3;n del proceso de ense&#xF1;anza - aprendizaje del &#xE1;rea de matem&#xE1;tica del liceo Fernando Arturo de Meri&#xF1;o del Distrito Educativo 16-03 de Cevicos, durante el a&#xF1;o escolar 2013-2014 / Greisy Cristina Evangelista Cleto y Ramona Polanco Veloz. Asesor: Wilson Lucilo Heredia Amparo</subfield>
  </datafield>
  <datafield tag="260" ind1=" " ind2=" ">
    <subfield code="a">Cotu&#xED;, Rep&#xFA;blica Dominicana :</subfield>
    <subfield code="b">UTECO,</subfield>
    <subfield code="c">2014</subfield>
  </datafield>
  <datafield tag="300" ind1=" " ind2=" ">
    <subfield code="a"> 89 hojas :</subfield>
    <subfield code="b">Ilustraciones ;</subfield>
    <subfield code="c">28cm.</subfield>
  </datafield>
  <datafield tag="502" ind1=" " ind2=" ">
    <subfield code="a">Trabajo de grado (Educaci&#xF3;n menci&#xF3;n Matem&#xE1;tica y F&#xED;sica)--Universidad Tecnol&#xF3;gica del Cibao Oriental, 2014</subfield>
  </datafield>
  <datafield tag="504" ind1=" " ind2=" ">
    <subfield code="a">Incluye referencia bibliogr&#xE1;fica e &#xED;ndice
</subfield>
  </datafield>
  <datafield tag="650" ind1=" " ind2="4">
    <subfield code="a">Evaluaci&#xF3;n del proceso de ense&#xF1;anza </subfield>
  </datafield>
  <datafield tag="700" ind1="1" ind2=" ">
    <subfield code="a"> Polanco Veloz,  Ramona</subfield>
    <subfield code="e">sustentante</subfield>
  </datafield>
  <datafield tag="700" ind1="1" ind2=" ">
    <subfield code="a"> Heredia Amparo, Wilson Lucilo</subfield>
    <subfield code="e">asesor</subfield>
  </datafield>
  <datafield tag="830" ind1=" " ind2=" ">
    <subfield code="a">Tesis y disertaciones acad&#xE9;micas (Universidad Tecnol&#xF3;gica del Cibao Oriental)</subfield>
  </datafield>
  <datafield tag="942" ind1=" " ind2=" ">
    <subfield code="2">LC</subfield>
    <subfield code="c">TH</subfield>
  </datafield>
  <datafield tag="999" ind1=" " ind2=" ">
    <subfield code="c">12123</subfield>
    <subfield code="d">12123</subfield>
  </datafield>
  <datafield tag="952" ind1=" " ind2=" ">
    <subfield code="0">0</subfield>
    <subfield code="1">0</subfield>
    <subfield code="2">LC</subfield>
    <subfield code="4">0</subfield>
    <subfield code="7">0</subfield>
    <subfield code="8">TG</subfield>
    <subfield code="a">GEN</subfield>
    <subfield code="b">BU</subfield>
    <subfield code="c">GEN</subfield>
    <subfield code="d">2019-09-09</subfield>
    <subfield code="i">ET-2014-031</subfield>
    <subfield code="o">EDU-MF 2014 E91</subfield>
    <subfield code="p">ET-2014-031</subfield>
    <subfield code="r">2019-09-09 00:00:00</subfield>
    <subfield code="t">Ej.1</subfield>
    <subfield code="w">2019-09-09</subfield>
    <subfield code="y">TH</subfield>
  </datafield>
</record>
